00396 a2200121 4500020001500000082001200015100002000027245004800047260004200095300003100137500001900168650008700187 a8170298881 a005.133 aKameshkar , E.V a Numerical techniques in CcE.V, Kameshkar. aNew Dehli :bBPB Publications,c1997. a x , 941 p ,bill.c 1997. aIncludes Index a1. Continiun mechanics 2. Differential equations 3. Partial -- numerical solutions